Persona 5: The Phantom X Quiz - Statistics

General Stats
  • This quiz has been taken 68 times
  • The average score is 59 of 81
Answer Stats
Answer % Correct
Joker
100%
Ren Amamiya
100%
Rin
100%
Mona
97%
Morgana
97%
Ann Takamaki
95%
Closer
95%
Crow
95%
Fox
95%
Futaba Sakura
95%
Goro Akechi
95%
Haru Okumura
95%
Makoto Niijima
95%
Makoto Yuki
95%
Navi
95%
Panther
95%
Ryuji Sakamoto
95%
Skull
95%
Sumire Yoshizawa
95%
Wonder
95%
Yusuke Kitagawa
95%
Noir
92%
Queen
92%
Violet
92%
Lufel
89%
Akihiko Sanada
84%
Motoha Arai
84%
Yukari Takeba
84%
Cattle
82%
Soy
82%
Toshiya Sumi
76%
Nagisa Kamisiro
74%
Yaoling Li
74%
Chord
71%
Kotone Montagne
71%
Leo Kamiyama
71%
Marian
68%
Puppet
68%
Shun Kano
68%
Wind
68%
Ayaka Sakai
66%
Key
66%
Leon
66%
Moko
66%
Riko Tanemura
66%
Tomoko Noge
66%
Yuki
66%
Bui
63%
Fleuret
63%
Haruna Nishimori
63%
Minami Miyashita
63%
Mont
63%
Yūmi Shiina
63%
Kira Kitazato
61%
Luce
61%
Sepia
61%
Yui
61%
Berry
58%
Chizuko Nagao
58%
Kiyoshi Kurotani
58%
Miyu Sahara
58%
Okyann
58%
Phoebe
58%
Yukimi Fujikawa
58%
Kayo Tomiyama
55%
Riddle
55%
Cherish
53%
Howler
53%
Manaka Nagao
53%
Mayumi Hashimoto
53%
Messa
53%
Rūna Dōgenzaka
53%
Seiji Shiratori
53%
Vino
53%
Ichigo Shikano
50%
Matoi
50%
Turbo
50%
Ange
47%
Masaki Ashiya
47%
Shoki Ikenami
47%
Mio Natsukawa
45%
No matching quizzes found
Score Distribution
Percent of People with Each Score
Percentile by Number Answered
Your Score History
You have not taken this quiz